LEADER 01453nam a2200217 4500 001 000000357677 003 CaOOAMICUS 005 20240319153451.0 008 240319s1953 it 000 u ita r 040 $aSeMil$bita 110 0 $aAssemblea ad hoc incaricata di elaborare un progetto di trattato per l'istituzione di una Comunità politica europea :$bCommissione costituzionale.$0(OLS)http://semarc/name/119409 245 10$aProgetto di trattato concernente lo Statuto della Comunità europea :$binformazioni e documenti ufficiali della Commissione costituzionale, marzo-aprile 1953 /$cAssemblea ad hoc incaricata di elaborare un progetto di trattato per una Comunità politica europea. 264 1$aParigi :$bEdizione del Segretariato della Commissione costituzionale,$c1953. 300 $a127 p. ;$c23 cm 650 4$aEuropa - Unificazione - Documenti.$0(OLS)http://semarc/subject/55249 650 4$aComunità europea - Costituzione.$0(OLS)http://semarc/subject/30615 850 $aSeMil 852 $aSeMil$W1$xVenegono$y1$m5B VI 5/14$j246894$B248849$CSeMilBibl$Z2$F248849 $81 996 $6245$aProgetto di trattato concernente lo Statuto della Comunità europea :$binformazioni e documenti ufficiali della Commissione costituzionale, marzo-aprile 1953$9(OLS)http://semarc/title/447941 996 $6264$aParigi :$bEdizione del Segretariato della Commissione costituzionale$9(OLS)http://semarc/publisher/61654 LEADER 01406nam a2200241 i 4500 001 000000247616 003 CaOOAMICUS 005 20230426110002.0 008 160125s1825 it u000 u ita u 026 $adoi- e.o, ,ene glas (3) 1825 (A) 040 $aSeMil$bita 100 1 $aSorgenti, Fabio.$0(OLS)http://semarc/name/82918 245 10$aVita del beato Ippolito Galantini fiorentino fondatore della Congregazione della dottrina cristiana scritta dal sacerdote Fabio Sorgenti e dalla stessa congregazione dedicata al regnante sommo pontefice Leone 12. 260 $aRoma :$bDalle Stampe del Salviucci,$c1825. 300 $aXI, [1], 200, [4] p., [1] carta di tav. :$britr. calcogr. ;$c4º. 500 $aStemma di Papa Leone XII xilogr. sul front. 650 4$aGalantini, Ippolito .$0(OLS)http://semarc/subject/42764 700 1 $aSalviucci, Giuseppe,$c.$0(OLS)http://semarc/name/80887 850 $aSeMil 852 $aSeMil$W1$xVenegono$y1$m3H IV 22 FA$j197962$B197962$CSeMilBibl$Z2$F209210 $8I 996 $6245$aVita del beato Ippolito Galantini fiorentino fondatore della Congregazione della dottrina cristiana scritta dal sacerdote Fabio Sorgenti e dalla stessa congregazione dedicata al regnante sommo pontefice Leone 12$9(OLS)http://semarc/title/349610 996 $6260$aRoma :$bDalle Stampe del Salviucci$9(OLS)http://semarc/publisher/54983